|
|
|
|
| LEADER |
00000cas a2200000 a 4500 |
| 001 |
vtls008163260 |
| 003 |
SK-MaSNL |
| 005 |
20260228163531.0 |
| 008 |
050628d19992012xo er|p 0 b0slo |
| 040 |
|
|
|a SNK
|b slo
|c SNK
|e AACR2
|
| 041 |
0 |
|
|a slo
|
| 044 |
|
|
|a xo
|c SK
|
| 072 |
|
7 |
|a 271/279
|x Kresťanské cirkvi, sekty, denominácie
|2 konspekt
|
| 080 |
|
|
|a 272/273
|2 2011
|
| 080 |
|
|
|a 2-4
|2 2011
|
| 080 |
|
|
|a 050
|2 2001
|
| 080 |
|
|
|a 2(051)
|2 2011
|
| 245 |
0 |
0 |
|a List Kráľovnej pokoja
|
| 260 |
|
|
|a Prešov
|b Rímskokatolícky farský úrad Kráľovnej pokoja
|c 1999-2012
|
| 300 |
|
|
|a 14 zv.
|c 30-31 cm
|
| 310 |
|
|
|a 1x za dva týždne
|
| 362 |
0 |
|
|a Roč. IV, č. 4 (14. február 1999)-roč. XVI, č. 22 (23. 12. 2012)
|
| 500 |
|
|
|a V tiráži v r. 2011 č. 11-č. 16 je uvádzaná periodicita: občasník
|
| 500 |
|
|
|a Reg. číslo: OÚ - OŠaK/11/99
|
| 500 |
|
|
|a Zodp. red.: 1999-č. 1 (2001), Stanislav Stolárik ; č. 2 (2001)-č. 22 (2012), Jozef Dugas
|
| 515 |
|
|
|a Niektoré čísla vychádzajú ako dvojčíslo
|
| 515 |
|
|
|a V r. 1999 2x uvedené č. 23 - správne č. 24 ; v r. 2000 2x uvedené č. 33 - správne č. 34 a od č. 27-44 uvedený roč. 5
|
| 650 |
0 |
7 |
|a katolícke cirkvi
|2 SNKPH
|9 90971
|
| 650 |
0 |
7 |
|a náboženský život
|2 SNKPH
|9 1995
|
| 655 |
|
7 |
|a náboženské časopisy
|2 SNKPH
|9 70790
|
| 700 |
1 |
|
|a Stolárik, Stanislav,
|d 1955-
|4 Iso
|9 103058
|
| 700 |
1 |
|
|a Dugas, Jozef
|4 Iso
|9 274219
|
| 710 |
2 |
|
|a Rímskokatolícky farský úrad Kráľovnej pokoja (Prešov, Slovensko)
|4 pbl
|9 274220
|
| 780 |
0 |
7 |
|t Informačný list
|
| 856 |
4 |
1 |
|u http://www.kralovnapokoja.sk
|
| 910 |
|
|
|a snk
|
| 958 |
|
|
|a OND
|
| 999 |
|
|
|c 9769
|d 11699
|
| 952 |
|
|
|0 0
|1 0
|4 0
|7 0
|8 0
|a SNK
|b SNK
|d 2018-05-29
|i snk2018/11598
|l 0
|o snkČSB 6670/4/1999-2000 D1
|p 17A1325211
|r 2026-02-21 20:38:21
|t č. 4-25
|w 2026-02-21
|y PREZ
|z ; 2x chybne uvedené č. 23 - správne č. 24 ; ;
|
| 952 |
|
|
|0 0
|1 0
|4 0
|7 0
|8 0
|a SNK
|b SNK
|d 2018-05-29
|i snk2018/11590
|l 0
|o snkČSB 6670/4/1999-2000
|p 17A1325212
|r 2026-02-21 20:38:21
|t č. 4-25
|w 2026-02-21
|y PREZ
|z ; 2x chybne uvedené č. 23 - správne č. 24 ; ; Ročníkovo a číselne nadväzuje na predchádzajúci titul: Informačný list
|
| 952 |
|
|
|0 0
|1 0
|4 0
|7 0
|8 0
|a SNK
|b SNK
|d 2018-05-29
|i snk2018/11656
|l 0
|o snkČSB 6670/8/2004
|p 17A1325204
|r 2026-02-21 21:00:43
|t č. 1-24
|w 2026-02-21
|y PREZ
|
| 952 |
|
|
|0 0
|1 0
|4 0
|7 0
|8 0
|a SNK
|b SNK
|d 2018-05-29
|i snk2018/11657
|l 0
|o snkČSB 6670/8/2004 D1
|p 17A1325203
|r 2026-02-21 21:00:43
|t č. 1-24
|w 2026-02-21
|y PREZ
|
| 952 |
|
|
|0 0
|1 0
|4 0
|7 0
|8 0
|a SNK
|b SNK
|d 2018-05-29
|i snk2018/11659
|l 0
|o snkČSB 6670/9/2005
|p 17A1325202
|r 2026-02-21 21:00:43
|t č. 1-23
|w 2026-02-21
|y PREZ
|
| 952 |
|
|
|0 0
|1 0
|4 0
|7 0
|8 0
|a SNK
|b SNK
|d 2018-05-29
|i snk2018/11660
|l 0
|o snkČSB 6670/9/2005 D1
|p 17A1325201
|r 2026-02-21 21:00:43
|t č. 1-23
|w 2026-02-21
|y PREZ
|
| 952 |
|
|
|0 0
|1 0
|4 0
|7 0
|8 0
|a SNK
|b SNK
|d 2018-05-29
|i snk2018/11662
|l 0
|o snkČSB 6670/10/2006
|p 17A1325200
|r 2026-02-21 21:00:43
|t č. 1-23
|w 2026-02-21
|y PREZ
|
| 952 |
|
|
|0 0
|1 0
|4 0
|7 0
|8 0
|a SNK
|b SNK
|d 2018-05-29
|i snk2018/11663
|l 0
|o snkČSB 6670/10/2006 D1
|p 17A1325199
|r 2026-02-21 21:00:43
|t č. 1-23
|w 2026-02-21
|y PREZ
|
| 952 |
|
|
|0 0
|1 0
|4 0
|7 0
|8 0
|a SNK
|b SNK
|d 2018-05-29
|i snk2018/11665
|l 0
|o snkČSB 6670/11/2007
|p 17A1325198
|r 2026-02-21 21:00:43
|t č. 1-21
|w 2026-02-21
|y PREZ
|
| 952 |
|
|
|0 0
|1 0
|4 0
|7 0
|8 0
|a SNK
|b SNK
|d 2018-05-29
|i snk2018/11668
|l 0
|o snkČSB 6670/12/2008
|p 17A1325197
|r 2026-02-21 21:00:43
|t č. 1-21
|w 2026-02-21
|y PREZ
|z V č. 1 chybne uvedený rok 2007 - správne rok 2008
|
| 952 |
|
|
|0 0
|1 0
|4 0
|7 0
|8 0
|a SNK
|b SNK
|d 2018-05-29
|i snk2018/11671
|l 0
|o snkČSB 6670/13/2009
|p 17A1325196
|r 2026-02-21 21:00:43
|t č. 1-19
|w 2026-02-21
|y PREZ
|
| 952 |
|
|
|0 0
|1 0
|4 0
|7 0
|8 0
|a SNK
|b SNK
|d 2018-05-29
|i snk2018/11673
|l 0
|o snkČSB 6670/14/2010
|p 17A1325195
|r 2026-02-21 21:00:43
|t č. 1-14
|w 2026-02-21
|y PREZ
|
| 952 |
|
|
|0 0
|1 0
|4 0
|7 0
|8 0
|a SNK
|b SNK
|d 2018-05-29
|i snk2018/11675
|l 0
|o snkČSB 6670/15/2011
|p 17A1325194
|r 2026-02-21 21:00:43
|t č. 1-16
|w 2026-02-21
|y PREZ
|
| 952 |
|
|
|0 0
|1 0
|4 0
|7 0
|8 0
|a SNK
|b SNK
|d 2018-05-29
|i snk2018/11677
|l 0
|o snkČSB 6670/16/2012
|p 17A1325193
|r 2026-02-21 21:00:43
|t č. 1-22, neúplné
|w 2026-02-21
|y PREZ
|z Chýba č. 1
|
| 952 |
|
|
|0 0
|1 0
|4 0
|7 0
|8 0
|a SNK
|b SNK
|d 2018-05-29
|i snk2018/11611
|l 0
|o snkČSB 6670/5/2001-2002
|p 17A1325210
|r 2026-02-21 21:00:44
|t č. 1-26, neúplné
|w 2026-02-21
|y PREZ
|z Chýba č. 2-13
|
| 952 |
|
|
|0 0
|1 0
|4 0
|7 0
|8 0
|a SNK
|b SNK
|d 2018-05-29
|i snk2018/11612
|l 0
|o snkČSB 6670/5/2001-2002 D1
|p 17A1325209
|r 2026-02-21 21:00:44
|t č. 1-26, neúplné
|w 2026-02-21
|y PREZ
|z Chýba č. 2-13
|
| 952 |
|
|
|0 0
|1 0
|4 0
|7 0
|8 0
|a SNK
|b SNK
|d 2018-05-29
|i snk2018/11620
|l 0
|o snkČSB 6670/6/2002-2003
|p 17A1325208
|r 2026-02-21 21:00:45
|t č. 1-26, neúplné
|w 2026-02-21
|y PREZ
|z Chýba č. 11-26
|
| 952 |
|
|
|0 0
|1 0
|4 0
|7 0
|8 0
|a SNK
|b SNK
|d 2018-05-29
|i snk2018/11623
|l 0
|o snkČSB 6670/6/2002-2003 D1
|p 17A1325207
|r 2026-02-21 21:00:45
|t č. 1-26, neúplné
|w 2026-02-21
|y PREZ
|z Chýba č. 11-26
|
| 952 |
|
|
|0 0
|1 0
|4 0
|7 0
|8 0
|a SNK
|b SNK
|d 2018-05-29
|i snk2018/11625
|l 0
|o snkČSB 6670/7/2003-2004
|p 17A1325206
|r 2026-02-21 21:00:45
|t č. 1-26
|w 2026-02-21
|y PREZ
|
| 952 |
|
|
|0 0
|1 0
|4 0
|7 0
|8 0
|a SNK
|b SNK
|d 2018-05-29
|i snk2018/11628
|l 0
|o snkČSB 6670/7/2003-2004 D1
|p 17A1325205
|r 2026-02-21 21:00:45
|t č. 1-26
|w 2026-02-21
|y PREZ
|
| 952 |
|
|
|0 0
|1 0
|4 0
|7 0
|8 0
|a SNK
|b SNK
|d 2018-05-30
|i snk2018/11731
|l 0
|o snkČSB 6670/4[5]/2000
|p 17A1325192
|r 2026-02-21 22:05:45
|t č. 26-50
|w 2026-02-21
|y PREZ
|z R. 2000 začína č. 26, ktoré vyšlo 16. januára-23. januára ; 2x chybne uvedené č. 33 - správne č. 34 ; Od č. 27-44 uvedený roč. 5
|
| 952 |
|
|
|0 0
|1 0
|4 0
|7 0
|8 0
|a SNK
|b SNK
|d 2018-05-30
|i snk2018/11734
|l 0
|o snkČSB 6670/4[5]/2000 D1
|p 17A1325191
|r 2026-02-21 22:05:45
|t č. 26-50
|w 2026-02-21
|y PREZ
|z R. 2000 začína č. 26, ktoré vyšlo 16. januára-23. januára ; 2x chybne uvedené č. 33 - správne č. 34 ; Od č. 27-44 uvedený roč. 5
|